00472cam a2200133 4500001001100000008004100011035001500052050002600067110010600093245006400199260003900263300002100302500001500323BIIH007046 1982 spa  aBIIH007046 4aHD1333b.H57 E52 19822 aEncuentro Continental sobre Reforma agraria y movimientos campesinos (1°: 1981 : Managua, Nicaragua) 0aReforma agraria y revolución popular en América Latina. aManagua, Nicaragua :bCIERA,c1982 a142 p. ;c22 cm. a1 ejemplar